000 00763nam a2200253Ia 4500
003 OSt
005 20220916110849.0
006 a|||||r|||| 00| 0
007 ta
008 220915b |||||||| |||| 00| 0 eng d
024 _a126571
037 _cTextbook
040 _beng
_aARTS
_cARTS
041 _aeng
082 _aV658:1:N0, D6(906)
100 _aArcher Francis Bisset
245 0 _aZambia colony and Protectorate : With a new introduction by J M Gray
260 _aLondon
_bFrank Cass
300 _axxii, 364p.
_ccm.
490 _aCass library of African Studies General studies Ed by John Ralph Willis; 41
650 _aHISTORY
942 _hV658:1:N0, D6(906)
_cTB
_2CC
999 _c99798
_d99798